00000000nam 2200000zi 4500
0019.946628
003CaOODSP
00520250121091710
006m     o  d f      
007cr bn|||||||||
008250108s1965    oncabd  obu  f001 0 eng d
040 |aCaOODSP|beng|erda|cCaOODSP
043 |an-cn---
0861 |aNR24-28/1965-6E-PDF
24500|aFarm building standards Canada 1965 : |bsupplement no. 6 to the National Building Code of Canada / |cissued by the Associate Committee on the National Building Code.
24610|aSupplement no. 6 to the National Building Code of Canada
264 1|aOttawa, Canada : |bNational Research Council, |c1965.
300 |a1 online resource (xi, 175 pages) : |billustrations, maps, graphs
336 |atext|btxt|2rdacontent
337 |acomputer|bc|2rdamedia
338 |aonline resource|bcr|2rdacarrier
500 |aIssued also in French under title: Normes de bâtiments de ferme Canada 1965 : supplément no 6 du Code national du bâtiment du Canada.
504 |aIncludes bibliographical references and index.
520 |a"A guide for those interested in the design, construction, remodelling and evaluation of a wide variety of farm buildings, excluding farm dwelling"--Foreword, page iii.
650 0|aBuilding laws|zCanada.
650 0|aBuildings|xStandards|zCanada.
650 0|aFarm buildings|xStandards|zCanada.
7102 |aNational Research Council of Canada. |bAssociate Committee on the National Building Code, |eissuing body.
77508|tNormes de bâtiments de ferme Canada 1965 : |w(CaOODSP)9.946756
85640|qPDF|s7.20 MB|uhttps://publications.gc.ca/collections/collection_2025/cnrc-nrc/NR24-28-1965-6-eng.pdf
986 |a7909